Normal view
MARC view
- Pakistan
Entry Personal Name
001 - CONTROL NUMBER
- control field: 44773
003 - CONTROL NUMBER IDENTIFIER
- control field: NUST
005 - DATE AND TIME OF LATEST TRANSACTION
- control field: 20210314133049.0
008 - FIXED-LENGTH DATA ELEMENTS
- fixed length control field: 210314|| aca||aabn | a|a d
040 ## - CATALOGING SOURCE
- Original cataloging agency: NUST
- Transcribing agency: NUST
100 ## - HEADING--PERSONAL NAME
- Personal name: Pakistan
670 ## - SOURCE DATA FOUND
- Source citation: Work cat.: (NUST): Pakistan, Instructions and specifications for the use of cold bitumen emulsins
